00522nam a22001577a 450000500170000001000150001702000260003203500130005803700130007108200120008424500910009626000320018727000840021930000310030349000300033420160106100146.0 aENG-114398 a9789351436164c525.00 aEN-97930 bDBAD/PUB a320.954 aJigeesha's Indian polity & governance :bfor Civil Services (preliminary) examination  aGurgaonbLexisNexisc(201?) a14th Floor, Building No.10, Tower-B, DLF Cyber City, Phase-II bGurgaone122002 avarious pagingsc24cm(pbk) aCATAPULT test prep series